000 00632nam a22002057a 4500
999 _c11374
_d11374
003 AR-CdUCM
008 190403b ||||| |||| 00| 0 spa d
040 _aMUNICIPALIDAD PROVINCIAL DEL CUSCO
_cBIBLIOTECA MUNICIPAL DEL CUSCO
082 _a869.50 /
_bZ39 / 1955
100 _aZavaleta, Carlos Eduardo
_910755
245 _aLos íngar :
_bNovela /
260 _aLima :
_bJuan Meja Baca & P. L. Villanueva,
_c1955
300 _a120 paginas ;
_c21 cm.
505 _aContenido: Novela.
650 _aCuentos peruanos
_97
650 _aSiglo XX
_917062
650 _aLiteratura peruana
_9169
942 _2ddc
_cLIBROS
945 _acmm